[Event "Sheffield"]
[Site "Sheffield"]
[Date "1996.??.??"]
[Round "4"]
[White "Martin, Benjamin"]
[Black "Shaw, John"]
[Result "1-0"]
[WhiteElo "2375"]
[BlackElo "2355"]
[PlyCount "71"]
[EventDate "1996.??.??"]
[EventType "tourn"]
[EventRounds "9"]
[EventCountry "ENG"]
[EventCategory "4"]
[SourceTitle "EXT 1998"]
[Source "ChessBase"]
[SourceDate "1997.11.17"]
[SourceVersion "1"]
[SourceVersionDate "1997.11.17"]
[SourceQuality "1"]

1. Nf3 d5 2. c4 dxc4 3. Na3 c5 4. Nxc4 Nc6 5. g3 f6 6. Bg2 e5 7. d3 Nge7 8. 0-0 Nf5 9. Bd2 Be7 10. a3 Be6 11. b4 cxb4 12. axb4 a6 13. Na5 Qb6 14. Nxc6 bxc6 15. Qa4 0-0 16. Rfc1 c5 17. e4 Nh6 18. Rab1 Rfb8 19. d4 exd4 20. Nxd4 cxd4 21. Rc6 Qb5 22. Qxb5 Rxb5 23. Rxe6 Kf7 24. Rc6 Rab8 25. Rxa6 Bxb4 26. Bf1 R5b7 27. Bc4+ Kg6 28. Bd5 Rb5 29. Bc6 Bxd2 30. Rxb5 Rxb5 31. Bxb5 Ng4 32. h3 Ne5 33. f4 Nf3+ 34. Kf2 Ne1 35. Ra2 Bc3 36. Re2 1-0

[Event "London"]
[Site "London"]
[Date "1996.??.??"]
[Round "7"]
[White "Welling, Gerard J"]
[Black "Martin, Benjamin"]
[Result "0-1"]
[WhiteElo "2395"]
[BlackElo "2375"]
[PlyCount "64"]
[EventDate "1996.??.??"]
[EventType "tourn"]
[EventRounds "9"]
[EventCountry "ENG"]
[SourceTitle "EXT 1998"]
[Source "ChessBase"]
[SourceDate "1997.11.17"]
[SourceVersion "1"]
[SourceVersionDate "1997.11.17"]
[SourceQuality "1"]

1. d4 e6 2. c4 Nf6 3. Nc3 Bb4 4. Bd2 0-0 5. e3 c5 6. Nf3 Nc6 7. d5 Ne7 8. a3 Bxc3 9. Bxc3 Ne4 10. Rc1 exd5 11. cxd5 d6 12. Bd3 Bf5 13. Qc2 Nxc3 14. Bxf5 Ncxd5 15. Bxh7+ Kh8 16. Bd3 Nf6 17. 0-0 Rc8 18. Qc4 Qd7 19. Qh4+ Kg8 20. Rc4 d5 21. Rf4 Ng6 22. Bxg6 fxg6 23. Rd1 Rcd8 24. Ng5 Qe7 25. g4 Rfe8 26. Kh1 Qd7 27. Rg1 d4 28. e4 Re5 29. Rf3 d3 30. Rh3 Rxg5 31. Qxg5 d2 32. Rd1 Qa4 0-1

[Event "London SCCU op"]
[Site "London"]
[Date "1995.08.??"]
[Round "7"]
[White "Martin, Benjamin"]
[Black "Britton, Richard"]
[Result "1/2-1/2"]
[WhiteElo "2360"]
[BlackElo "2320"]
[PlyCount "76"]
[EventDate "1995.08.14"]
[EventType "swiss"]
[EventRounds "9"]
[EventCountry "ENG"]
[SourceTitle "EXT 1999"]
[Source "ChessBase"]
[SourceDate "1998.11.16"]
[SourceVersion "1"]
[SourceVersionDate "1998.11.16"]
[SourceQuality "1"]

1. e4 c5 2. Nf3 d6 3. d4 cxd4 4. Nxd4 Nf6 5. Nc3 a6 6. a4 e5 7. Nf3 Be7 8. Bc4 Be6 9. Bb3 0-0 10. 0-0 h6 11. Be3 Nbd7 12. Qe2 Rc8 13. Rfd1 Qc7 14. Ne1 Bxb3 15. cxb3 Nc5 16. Bxc5 Qxc5 17. Nd3 Qb6 18. b4 Rc4 19. Kh1 Rfc8 20. f3 Qa7 21. a5 Bf8 22. Rac1 b5 23. axb6 Qxb6 24. Ra1 Qb7 25. Ra4 Rd4 26. h3 d5 27. exd5 Nxd5 28. Qxe5 Nxc3 29. bxc3 Rd5 30. Qe2 Rxc3 31. Raa1 Qb5 32. Nf4 Rxd1+ 33. Rxd1 Qxe2 34. Nxe2 Rc2 35. Nd4 Rc4 36. b5 Bc5 37. Nb3 axb5 38. Rd5 Bf2 1/2-1/2